Rèn luyện trí tuệ để thành đạt : (Sách dành cho các bậc cha mẹ và những người làm công tác sư phạm)
Nội dung sách bao gồm 2 phần: phần 1: Một thế giới phải phát hiện hoạt động trí tuệ, những quy luật có giá trị với mọi người, mỗi người một kiểu hoạt động trí óc riêng; Phần 2: đến lượt bạn thực hành, để thành đạt cần phải học....
Uloženo v:
| Hlavní autor: | |
|---|---|
| Médium: | Kniha |
| Jazyk: | Undetermined |
| Vydáno: |
Hà Nội
Văn hóa Thông tin
1998
|
| Témata: | |
| Tagy: |
Přidat tag
Žádné tagy, Buďte první, kdo otaguje tento záznam!
|
| Thư viện lưu trữ: | Trung tâm Học liệu Trường Đại học Cần Thơ |
|---|
| LEADER | 01131nam a2200205Ia 4500 | ||
|---|---|---|---|
| 001 | CTU_29329 | ||
| 008 | 210402s9999 xx 000 0 und d | ||
| 082 | |a 370.152 | ||
| 082 | |b G212 | ||
| 100 | |a Garanderie, Antoine De La | ||
| 245 | 0 | |a Rèn luyện trí tuệ để thành đạt : | |
| 245 | 0 | |b (Sách dành cho các bậc cha mẹ và những người làm công tác sư phạm) | |
| 245 | 0 | |c Antoine de la Garanderie, Daniel Arquie ; Nguyễn Hữu Lương dịch | |
| 260 | |a Hà Nội | ||
| 260 | |b Văn hóa Thông tin | ||
| 260 | |c 1998 | ||
| 520 | |a Nội dung sách bao gồm 2 phần: phần 1: Một thế giới phải phát hiện hoạt động trí tuệ, những quy luật có giá trị với mọi người, mỗi người một kiểu hoạt động trí óc riêng; Phần 2: đến lượt bạn thực hành, để thành đạt cần phải học. | ||
| 650 | |a Child psychology,Educational psychology,Intellect | ||
| 904 | |i Minh, 990319 | ||
| 980 | |a Trung tâm Học liệu Trường Đại học Cần Thơ | ||